000 00634nam a2200217Ia 4500
005 20250522104525.0
008 008 250516s9999 xx 000 0 eng d
020 _a9780192863874
040 _aSDCL
_beng
_cSDCL
041 _aeng
_2eng
084 _aB313N, R3
_qSDCL
100 _aGarcia, Stephan Ramon
_9435448
245 0 _aOperator theory by example
260 _aNew York:
_bOxford University Press,
_c2023.
300 _axxiii,494p.
365 _aUKP
_b45
490 _aOxford graduate texts in mathematics Volume 30
650 _aMathematics
700 _aMashreghi, JavadRoss, William T.
_9810128
942 _cTEXL
999 _c1430635
_d1430635